The Mercury Quiz - Statistics

General Stats
  • This quiz has been taken 1,305 times
    1,266 since last reset
  • The average score is 8 of 16
Answer Stats
Hint Answer % Correct
The Number of Natural Satellites of Mercury Zero
92%
The Only Planet that is Denser than Mercury Earth
87%
Mercury's Core majorly comprises of this Element Iron
82%
The Roman God Mercury, after whom Mercury is named, is known as the {Messenger} of the Gods
80%
Greek God that represents Mercury Hermes
66%
In 2012 scientists discovered this substance at Mercury's north pole Ice
65%
What are Mozart , Beethoven and Michelangelo on Mercury? Craters
51%
First Country to observe Mercury by Radar USSR
48%
The orbit of Mercury was important in proving this 1905 Theory Theory of Relativity
45%
Most common Element found on Mercury Oxygen
39%
Spacecraft that flew by Mercury in 1974 {Mariner} 10
31%
Evaporated Atoms from the Planet's Surface, form a ____ pointing away from the Sun Tail
27%
Sanskrit name of Mercury, that is similar to the name of Founder of a Religion /Avatar of Lord Vishnu Budha
19%
A Meteorite from Mercury was found in this Modern Day African Country in 2012 Morocco
19%
Empire made the first recorded observations of Mercury {Assyrian} Empire
16%
Name given by scientists for Mercury's Unique Atmosphere Exosphere
8%
No matching quizzes found
Score Distribution
Percent of People with Each Score
Percentile by Number Answered
Your Score History
You have not taken this quiz since the last reset